000 00820nam a2200265 i 4500
001 C2-0333336
003 PPAK
005 20180728133341.0
008 150903s2014 enka|||| ||||| | eng d
020 _a9780007557271
040 _aPPAK
_beng
_cPPAK
_erda
082 0 4 _a820
_223
090 0 0 _a820
_bTOL
_dK
100 1 _aTolkien, J.R.R.,
_eauthor
245 1 4 _aThe adventures of Tom Bombadil and other verses from the red book
264 1 _aLondon :
_bHarperCollins Publishers ,
_c2014
300 _a296 pages :
_billustrations ;
_c16 cm
336 _2rdacontent
_atext
337 _2rdamedia
_aunmediated
338 _2rdacarrier
_avolume
500 _aBibliography : pages 287-296
650 1 0 _aChildren's literature, English.
700 1 _aScull, Christina ; Hammond, Wayne G.,
_eeditor
942 _ddc
_cB
999 _c131874
_d131874